| 000 | 00542nam a2200193Ia 4500 | ||
|---|---|---|---|
| 005 | 20250423095909.0 | ||
| 008 | 250422s9999 xx 000 0 und d | ||
| 020 | _a156592262X | ||
| 050 | _aQA 76.73 .J38 F553/ | ||
| 100 | _aFlanagan, David. | ||
| 245 | 0 | _aJava in a nutshell : a desktop quick reference | |
| 250 | _a2nd ed. | ||
| 260 | _aCambridge ;Sebastopol, CA | ||
| 260 | _bO'Reilly | ||
| 260 | _cc1997 | ||
| 300 | _a610 p | ||
| 650 | _aJava Computer program language Objectoriented programming Computer science | ||
| 942 | _cBK | ||
| 999 |
_c31662 _d31662 |
||